Statistics for Born in San Mateo/California

Click here to take the quiz!

General Stats

  • This quiz has been taken 9 times
  • The average score is 2 of 6

Answer Stats

HintAnswer% Correct
Former quarterback who played for the New England Patriots and Tampa Bay Buccaneers. Winner of seven Super Bowls, three time NFL MVP and five time Super Bowl MVP.1977Tom Brady
89%
Head coach of the Denver Broncos since 2023 and head coach of the New Orleans Saints from 2006 to 20211963Sean Payton
67%
Creator of "Jeopardy!" and "Wheel of Fortune"1925Merv Griffin
44%
Actor, known for his roles as Brad Majors in "The Rocky Horror Picture Show" and Mayor Winston in "Spin City"1945Beary Bostwick
22%
Offensive tackle who plays for the Green Bay Packers1991David Bakhtiari
11%
Actor, known for his roles as President David Palmer in "24" and God in "Lucifer"1954Dennis Haysbert
11%

Score Distribution

Percentile by Number Answered

Percent of People with Each Score

Your Score History

You have not taken this quiz